<?xml version="1.0" encoding="UTF-8"?>
<record
    xmlns:xsi="http://www.w3.org/2001/XMLSchema-instance"
    xsi:schemaLocation="http://www.loc.gov/MARC21/slim http://www.loc.gov/standards/marcxml/schema/MARC21slim.xsd"
    xmlns="http://www.loc.gov/MARC21/slim">

  <leader>00362nam a22001577a 4500</leader>
  <controlfield tag="003">SGT</controlfield>
  <datafield tag="020" ind1=" " ind2=" ">
    <subfield code="a">978939059020</subfield>
  </datafield>
  <datafield tag="082" ind1=" " ind2=" ">
    <subfield code="a">615</subfield>
    <subfield code="b">P25B</subfield>
  </datafield>
  <datafield tag="100" ind1=" " ind2=" ">
    <subfield code="a">BADYAL. DINESH</subfield>
  </datafield>
  <datafield tag="245" ind1=" " ind2=" ">
    <subfield code="a">PRACTICAL MANUAL OF PHARMACOLOGY FOR MEDICAL STUDENTS</subfield>
  </datafield>
  <datafield tag="250" ind1=" " ind2=" ">
    <subfield code="a">3RD</subfield>
  </datafield>
  <datafield tag="260" ind1=" " ind2=" ">
    <subfield code="a">INDIA </subfield>
    <subfield code="b">JAYPEE PUB </subfield>
    <subfield code="c">2025</subfield>
  </datafield>
  <datafield tag="300" ind1=" " ind2=" ">
    <subfield code="a">308</subfield>
  </datafield>
  <datafield tag="650" ind1=" " ind2=" ">
    <subfield code="a">PHARMACOLOGY</subfield>
  </datafield>
  <datafield tag="942" ind1=" " ind2=" ">
    <subfield code="2">ddc</subfield>
    <subfield code="c">BK</subfield>
  </datafield>
  <datafield tag="952" ind1=" " ind2=" ">
    <subfield code="0">0</subfield>
    <subfield code="1">0</subfield>
    <subfield code="2">ddc</subfield>
    <subfield code="4">0</subfield>
    <subfield code="7">1</subfield>
    <subfield code="8">MEDICAL</subfield>
    <subfield code="a">FM</subfield>
    <subfield code="b">FM</subfield>
    <subfield code="c">REF</subfield>
    <subfield code="d">2025-11-29</subfield>
    <subfield code="e">ABC DELHI</subfield>
    <subfield code="g">925.00</subfield>
    <subfield code="i">SGTU</subfield>
    <subfield code="o">615 P25B</subfield>
    <subfield code="p">FM15691</subfield>
    <subfield code="r">2026-01-12 00:00:00</subfield>
    <subfield code="w">2025-11-29</subfield>
    <subfield code="y">BK</subfield>
    <subfield code="k">22053</subfield>
  </datafield>
  <datafield tag="952" ind1=" " ind2=" ">
    <subfield code="0">0</subfield>
    <subfield code="1">0</subfield>
    <subfield code="2">ddc</subfield>
    <subfield code="4">0</subfield>
    <subfield code="7">0</subfield>
    <subfield code="8">MEDICAL</subfield>
    <subfield code="a">FM</subfield>
    <subfield code="b">FM</subfield>
    <subfield code="c">TXT</subfield>
    <subfield code="d">2025-11-29</subfield>
    <subfield code="e">ABC DELHI</subfield>
    <subfield code="g">925.00</subfield>
    <subfield code="i">SGTU</subfield>
    <subfield code="l">0</subfield>
    <subfield code="o">615 P25B</subfield>
    <subfield code="p">FM15692</subfield>
    <subfield code="r">2026-01-12 00:00:00</subfield>
    <subfield code="w">2025-11-29</subfield>
    <subfield code="y">BK</subfield>
    <subfield code="k">22053</subfield>
  </datafield>
  <datafield tag="952" ind1=" " ind2=" ">
    <subfield code="0">0</subfield>
    <subfield code="1">0</subfield>
    <subfield code="2">ddc</subfield>
    <subfield code="4">0</subfield>
    <subfield code="7">0</subfield>
    <subfield code="8">MEDICAL</subfield>
    <subfield code="a">FM</subfield>
    <subfield code="b">FM</subfield>
    <subfield code="c">TXT</subfield>
    <subfield code="d">2025-11-29</subfield>
    <subfield code="e">ABC DELHI</subfield>
    <subfield code="g">925.00</subfield>
    <subfield code="i">SGTU</subfield>
    <subfield code="l">1</subfield>
    <subfield code="o">615 P25B</subfield>
    <subfield code="p">FM15693</subfield>
    <subfield code="r">2026-06-01 13:47:53</subfield>
    <subfield code="s">2026-05-19</subfield>
    <subfield code="w">2025-11-29</subfield>
    <subfield code="y">BK</subfield>
    <subfield code="k">22053</subfield>
  </datafield>
  <datafield tag="952" ind1=" " ind2=" ">
    <subfield code="0">0</subfield>
    <subfield code="1">0</subfield>
    <subfield code="2">ddc</subfield>
    <subfield code="4">0</subfield>
    <subfield code="7">0</subfield>
    <subfield code="8">MEDICAL</subfield>
    <subfield code="a">FM</subfield>
    <subfield code="b">FM</subfield>
    <subfield code="c">TXT</subfield>
    <subfield code="d">2025-11-29</subfield>
    <subfield code="e">ABC DELHI</subfield>
    <subfield code="g">925.00</subfield>
    <subfield code="i">SGTU</subfield>
    <subfield code="l">0</subfield>
    <subfield code="o">615 P25B</subfield>
    <subfield code="p">FM15694</subfield>
    <subfield code="r">2026-01-12 00:00:00</subfield>
    <subfield code="w">2025-11-29</subfield>
    <subfield code="y">BK</subfield>
    <subfield code="k">22053</subfield>
  </datafield>
  <datafield tag="952" ind1=" " ind2=" ">
    <subfield code="0">0</subfield>
    <subfield code="1">0</subfield>
    <subfield code="2">ddc</subfield>
    <subfield code="4">0</subfield>
    <subfield code="7">0</subfield>
    <subfield code="8">MEDICAL</subfield>
    <subfield code="a">FM</subfield>
    <subfield code="b">FM</subfield>
    <subfield code="c">TXT</subfield>
    <subfield code="d">2025-11-29</subfield>
    <subfield code="e">ABC DELHI</subfield>
    <subfield code="g">925.00</subfield>
    <subfield code="i">SGTU</subfield>
    <subfield code="l">0</subfield>
    <subfield code="o">615 P25B</subfield>
    <subfield code="p">FM15695</subfield>
    <subfield code="r">2026-01-12 00:00:00</subfield>
    <subfield code="w">2025-11-29</subfield>
    <subfield code="y">BK</subfield>
    <subfield code="k">22053</subfield>
  </datafield>
  <datafield tag="952" ind1=" " ind2=" ">
    <subfield code="0">0</subfield>
    <subfield code="1">0</subfield>
    <subfield code="2">ddc</subfield>
    <subfield code="4">0</subfield>
    <subfield code="7">0</subfield>
    <subfield code="8">MEDICAL</subfield>
    <subfield code="a">FM</subfield>
    <subfield code="b">FM</subfield>
    <subfield code="c">TXT</subfield>
    <subfield code="d">2025-11-29</subfield>
    <subfield code="e">ABC DELHI</subfield>
    <subfield code="g">925.00</subfield>
    <subfield code="i">SGTU</subfield>
    <subfield code="l">0</subfield>
    <subfield code="o">615 P25B</subfield>
    <subfield code="p">FM15696</subfield>
    <subfield code="r">2026-01-12 00:00:00</subfield>
    <subfield code="w">2025-11-29</subfield>
    <subfield code="y">BK</subfield>
    <subfield code="k">22053</subfield>
  </datafield>
  <datafield tag="952" ind1=" " ind2=" ">
    <subfield code="0">0</subfield>
    <subfield code="1">0</subfield>
    <subfield code="2">ddc</subfield>
    <subfield code="4">0</subfield>
    <subfield code="7">0</subfield>
    <subfield code="8">MEDICAL</subfield>
    <subfield code="a">FM</subfield>
    <subfield code="b">FM</subfield>
    <subfield code="c">TXT</subfield>
    <subfield code="d">2025-11-29</subfield>
    <subfield code="e">ABC DELHI</subfield>
    <subfield code="g">925.00</subfield>
    <subfield code="i">SGTU</subfield>
    <subfield code="l">0</subfield>
    <subfield code="o">615 P25B</subfield>
    <subfield code="p">FM15697</subfield>
    <subfield code="r">2026-01-12 00:00:00</subfield>
    <subfield code="w">2025-11-29</subfield>
    <subfield code="y">BK</subfield>
    <subfield code="k">22053</subfield>
  </datafield>
  <datafield tag="952" ind1=" " ind2=" ">
    <subfield code="0">0</subfield>
    <subfield code="1">0</subfield>
    <subfield code="2">ddc</subfield>
    <subfield code="4">0</subfield>
    <subfield code="7">0</subfield>
    <subfield code="8">MEDICAL</subfield>
    <subfield code="a">FM</subfield>
    <subfield code="b">FM</subfield>
    <subfield code="c">TXT</subfield>
    <subfield code="d">2025-11-29</subfield>
    <subfield code="e">ABC DELHI</subfield>
    <subfield code="g">925.00</subfield>
    <subfield code="i">SGTU</subfield>
    <subfield code="l">1</subfield>
    <subfield code="o">615 P25B</subfield>
    <subfield code="p">FM15698</subfield>
    <subfield code="r">2026-05-25 13:12:10</subfield>
    <subfield code="s">2026-05-14</subfield>
    <subfield code="w">2025-11-29</subfield>
    <subfield code="y">BK</subfield>
    <subfield code="k">22053</subfield>
  </datafield>
  <datafield tag="952" ind1=" " ind2=" ">
    <subfield code="0">0</subfield>
    <subfield code="1">0</subfield>
    <subfield code="2">ddc</subfield>
    <subfield code="4">0</subfield>
    <subfield code="7">0</subfield>
    <subfield code="8">MEDICAL</subfield>
    <subfield code="a">FM</subfield>
    <subfield code="b">FM</subfield>
    <subfield code="c">TXT</subfield>
    <subfield code="d">2025-11-29</subfield>
    <subfield code="e">ABC DELHI</subfield>
    <subfield code="g">925.00</subfield>
    <subfield code="i">SGTU</subfield>
    <subfield code="l">0</subfield>
    <subfield code="o">615 P25B</subfield>
    <subfield code="p">FM15699</subfield>
    <subfield code="r">2026-01-12 00:00:00</subfield>
    <subfield code="w">2025-11-29</subfield>
    <subfield code="y">BK</subfield>
    <subfield code="k">22053</subfield>
  </datafield>
  <datafield tag="952" ind1=" " ind2=" ">
    <subfield code="0">0</subfield>
    <subfield code="1">0</subfield>
    <subfield code="2">ddc</subfield>
    <subfield code="4">0</subfield>
    <subfield code="7">0</subfield>
    <subfield code="8">MEDICAL</subfield>
    <subfield code="a">FM</subfield>
    <subfield code="b">FM</subfield>
    <subfield code="c">TXT</subfield>
    <subfield code="d">2025-11-29</subfield>
    <subfield code="e">ABC DELHI</subfield>
    <subfield code="g">925.00</subfield>
    <subfield code="i">SGTU</subfield>
    <subfield code="l">0</subfield>
    <subfield code="o">615 P25B</subfield>
    <subfield code="p">FM15700</subfield>
    <subfield code="r">2026-01-12 00:00:00</subfield>
    <subfield code="w">2025-11-29</subfield>
    <subfield code="y">BK</subfield>
    <subfield code="k">22053</subfield>
  </datafield>
  <datafield tag="999" ind1=" " ind2=" ">
    <subfield code="c">33331</subfield>
    <subfield code="d">33331</subfield>
  </datafield>
</record>
